Statistics for Final Fantasy 7

Click here to take the quiz!

General Stats

  • This quiz has been taken 58 times
  • The average score is 12 of 16

Answer Stats

HintAnswer% Correct
Who is the main characterCloud Strife
96%
Who is the main antagonist who almost destroys the world casting a single spellSephiroth
83%
A dog test subjectRed XII
81%
Who is the mad scientist who works for ShinraHojo
79%
Who is the main antagonist's motherJenova
79%
Who is the leader of Avalanche, has a gun for an armBarret Wallace
77%
Who is the leader of Shinra, the presidents sonRufus Shinra
77%
Who is a flower merchant, also the last surviving CitraAerith Gainsborough
75%
Who is the main characters childhood friend, a martial artistTifa lockhart
75%
A former turk, slept in a coffin until the main character found himVincent Valentine
75%
Who is a fortune telling merchant, controlled by ReeveCait sith
72%
Who is a man who wanted to be the first one in space Cid Highwind
70%
What spell does the main antagonist useMeteor
66%
What is the only spell able to counter ^Holy
64%
A young ninja and a skilled materia thiefYuffie Kisaragi
58%
Who saves the main character, but dies when he gets him to the Mako cityZack Fair
57%

Score Distribution

Percentile by Number Answered

Percent of People with Each Score

Your Score History

You have not taken this quiz